<?xml version="1.0" encoding="UTF-8"?><?xml-stylesheet type="text/xsl" href="static/style.xsl"?><OAI-PMH xmlns="http://www.openarchives.org/OAI/2.0/" xmlns:xsi="http://www.w3.org/2001/XMLSchema-instance" xsi:schemaLocation="http://www.openarchives.org/OAI/2.0/ http://www.openarchives.org/OAI/2.0/OAI-PMH.xsd"><responseDate>2026-04-17T21:28:37Z</responseDate><request verb="GetRecord" identifier="oai:www.recercat.cat:10230/57685" metadataPrefix="marc">https://recercat.cat/oai/request</request><GetRecord><record><header><identifier>oai:recercat.cat:10230/57685</identifier><datestamp>2025-12-24T08:58:00Z</datestamp><setSpec>com_2072_6</setSpec><setSpec>col_2072_452952</setSpec></header><metadata><record xmlns="http://www.loc.gov/MARC21/slim" xmlns:dcterms="http://purl.org/dc/terms/" xmlns:xsi="http://www.w3.org/2001/XMLSchema-instance" xmlns:doc="http://www.lyncode.com/xoai" xsi:schemaLocation="http://www.loc.gov/MARC21/slim http://www.loc.gov/standards/marcxml/schema/MARC21slim.xsd">
   <leader>00925njm 22002777a 4500</leader>
   <datafield ind2=" " ind1=" " tag="042">
      <subfield code="a">dc</subfield>
   </datafield>
   <datafield ind2=" " ind1=" " tag="720">
      <subfield code="a">Chacartegui Jávega, Consuelo</subfield>
      <subfield code="e">author</subfield>
   </datafield>
   <datafield ind2=" " ind1=" " tag="260">
      <subfield code="c">2023-07-27T07:51:15Z</subfield>
   </datafield>
   <datafield ind2=" " ind1=" " tag="260">
      <subfield code="c">2023-07-27T07:51:15Z</subfield>
   </datafield>
   <datafield ind2=" " ind1=" " tag="260">
      <subfield code="c">2023</subfield>
   </datafield>
   <datafield ind2=" " ind1=" " tag="520">
      <subfield code="a">El ecofeminismo no es una mera noción dogmática con una relativa implantación en los instrumentos de soft law. El ecofeminismo constituye hoy en día un principio instrumental que, aunque no reconocido formalmente como tal, se plasma materialmente en la normativa sobre cooperativas desde una perspectiva multinivel, fundamentalmente a través de la labor llevada a cabo por la Organización Internacional del Trabajo y la Unión Europea. Un análisis comparado nos muestra interesantes experiencias, singularmente en el ámbito de América Latina, que abren nuevos horizontes esperanzadores a las mujeres para salir de la pobreza desde su valiosa contribución a paliar los efectos del cambio climático. En el contexto español, algunas normas nacionales y autonómicas sobre cooperativas están transversalizando su regulación desde la perspectiva ecofeminista. Los instrumentos de negociación colectiva negociados en el seno del mundo cooperativo se destacan en este trabajo como estudio de caso de los avances que, para las personas trabajadoras con vínculo laboral se dan en materias clave para las mujeres, como la estabilidad en el empleo, la (re)clasificación profesional, la salud laboral, el tiempo de trabajo, la formación en los retos medioambientales y la movilidad sostenible.</subfield>
   </datafield>
   <datafield ind2=" " ind1=" " tag="520">
      <subfield code="a">El presente trabajo está realizado en el marco del proyecto de investigación de referencia PID2019-108628GB-100/AEI/10.13039/501100011033 financiado por el Ministerio de Ciencia, Innovación y Uni versidades (MCIU) y la Agencia Estatal de Investigación (AEI).</subfield>
   </datafield>
   <datafield tag="653" ind2=" " ind1=" ">
      <subfield code="a">Ecofeminismo</subfield>
   </datafield>
   <datafield tag="653" ind2=" " ind1=" ">
      <subfield code="a">Igualdad efectiva</subfield>
   </datafield>
   <datafield tag="653" ind2=" " ind1=" ">
      <subfield code="a">Cooperativas</subfield>
   </datafield>
   <datafield tag="653" ind2=" " ind1=" ">
      <subfield code="a">Sostenibilidad mediambiental</subfield>
   </datafield>
   <datafield ind2="0" ind1="0" tag="245">
      <subfield code="a">Ecofeminismo en el ámbito de la economía social: una visión desde las cooperativas</subfield>
   </datafield>
</record></metadata></record></GetRecord></OAI-PMH>